Calgary Common Knowledge - Statistics

General Stats
  • This quiz has been taken 249 times
  • The average score is 10 of 19
Answer Stats
Hint Answer % Correct
Tallest Building The Bow
84%
Hockey Team Calgary Flames
79%
City to the North Airdrie
73%
Hosted Winter Olympics 1988
68%
Football Team Calgary Stampeders
67%
Mayor Naheed Nenshi
65%
Largest University University of Calgary
64%
Town to the South Okotoks
63%
Ring Road Name Stoney Trail
60%
Calgary Nickname Cowtown
56%
Town to the East Strathmore
54%
Important North/South Roadway Deerfoot Trail
49%
Second Largest River Elbow River
49%
Lacrosse Team Calgary Roughnecks
42%
Lesser Known Nearby National Park Banff
41%
Largest Park Nose Hill Park
36%
Important East/West Roadway Glenmore Trail
31%
Furthest South C-Train Station Somerset-Bridlewood
22%
Nation to the West Tsuu T'ina
20%
No matching quizzes found
Score Distribution
Percent of People with Each Score
Percentile by Number Answered
Your Score History
You have not taken this quiz